00389nam a2200157Ia 45000010006000000050017000060080041000230410008000640820017000721000040000892450043001292600009001723000034001816500008002156540008002231315920260306163033.0260306t2015||||xx |||||||||||||| ||spa|| aESP a001.01bV935 aVelázquez Mastretta, GustavoeAUT 0aTeoría y sinergía del conocimiento c2015 axxvi, 327 páginas :c23 cm. aGEN aCHU